000 00380nam a2200133Ia 4500
008 151001s9999||||xx |||||||||||||| ||und||
100 _aग प्र प्रधान
245 _aलोकमान्य टिळक व्यक्ती व काय
250 _a1
260 _bकेशरी प्रकाशन
260 _c1971
300 _a74
365 _b21
999 _c956812
_d956809